II Congreso hispano - americano - filipino de estenografía : celebrado en Valencia con motivo del centenario del fallecimiento de Francisco de Paula Martí fundador de la taquigrafía española : 1761 - 1827 celebrado en Valencia con motivo del centenario del fallecimiento de Francisco de Paula Martí fundador de la taquigrafía española :
MARC
| LEADER | 00000nam a2200000Ia 4500 | ||
|---|---|---|---|
| 001 | 19292 | ||
| 008 | 160829s1927 xx 000 0 cat d | ||
| 080 | |a RF-4-32 | ||
| 100 | |a Congreso Hispano - Americano - Filipino de Estenografía (2o : 1927 : València) |9 47816 | ||
| 245 | |a II Congreso hispano - americano - filipino de estenografía : |b celebrado en Valencia con motivo del centenario del fallecimiento de Francisco de Paula Martí fundador de la taquigrafía española : |b 1761 - 1827 | ||
| 260 | |a Barcelona : |b Sala Martí, instalación de la Excma. Diputación Provincial, |c 1927 | ||
| 300 | |a 1 díptic : |b fot. ; |c 22 cm | ||
| 590 | |a Prové de 4186, exp. 108. | ||
| 590 | |a A l'interior: Notas de la Historia de la Taquigrafía Española: expansión de la obra de Francisco de Paula Martí en Cataluña | ||
| 650 | |a Taquigrafia |x Congressos |9 47817 | ||
| 710 | 1 | |a Barcelona (Catalunya : Província). |b Diputació |9 52408 | |
| 856 | 4 | |u https://media.diba.cat/diba/fitxers/arxiu/fulletons/bib_19292_1927_baixa.pdf |y Accés lliure | |
| 856 | 4 | |u https://media.diba.cat/diba/fitxers/arxiu/fulletons/bib_19292_1927_baixa.pdf |y Accés lliure | |
| 901 | |a Arxiu | ||
| 942 | |n 1 |2 udc | ||
| 952 | |0 0 |1 0 |4 0 |6 RF432 |7 1 |9 54132 |a Arxiu |b Arxiu |d 2016-12-01 |l 0 |o RF-4-32 |p 19292 |r 2016-12-01 00:00:00 |w 2016-12-01 |y ARXIU | ||
| 999 | |c 58001 |d 58001 | ||
| 900 | |a bib_19292_1927_baixa.pdf | ||